| 000 | 01416nam a2200349 a 4500 | ||
|---|---|---|---|
| 001 | ebr10522067 | ||
| 003 | CaPaEBR | ||
| 006 | m u | ||
| 007 | cr cn||||||||| | ||
| 008 | 120127s2011 enkab sb 001 0 eng d | ||
| 020 | _z9781848854871 | ||
| 020 | _z9780857720474 (e-book) | ||
| 040 |
_aCaPaEBR _cCaPaEBR |
||
| 035 | _a(OCoLC)771999524 | ||
| 043 | _ae-aa--- | ||
| 050 | 1 | 4 |
_aDR924 _b.V85 2011eb |
| 100 | 1 | _aVullnetari, Julie. | |
| 245 | 1 | 0 |
_aRemittances, gender and development _h[electronic resource] : _bAlbania's society and economy in transition / _cJulie Vullnetari and Russell King. |
| 260 |
_aLondon : _bI.B.Tauris, _c2011. |
||
| 300 |
_axiv, 232 p. : _bill., maps. |
||
| 490 | 1 |
_aLibrary of development studies ; _v4 |
|
| 504 | _aIncludes bibliographical references and index. | ||
| 533 |
_aElectronic reproduction. _bPalo Alto, Calif. : _cebrary, _d2012. _nAvailable via World Wide Web. _nAccess may be limited to ebrary affiliated libraries. |
||
| 650 | 0 | _aNational characteristics, Albanian. | |
| 650 | 0 |
_aEthnicity _zAlbania. |
|
| 651 | 0 |
_aAlbania _xSocial life and customs. |
|
| 655 | 7 |
_aElectronic books. _2local |
|
| 700 | 1 | _aKing, Russell. | |
| 710 | 2 | _aebrary, Inc. | |
| 830 | 0 |
_aLibrary of development studies (London, England) ; _v4. |
|
| 856 | 4 | 0 |
_uhttp://site.ebrary.com/lib/rucke/Doc?id=10522067 _zAn electronic book accessible through the World Wide Web; click to view |
| 999 |
_c142392 _d142392 |
||